£50m NVZ bill (Record no. 70662)

MARC details
000 -LEADER
fixed length control field 01027cam a2200217 4500
001 - CONTROL NUMBER
control field WB3824-26
008 - FIXED-LENGTH DATA ELEMENTS--GENERAL INFORMATION
fixed length control field 020702n2002 000 0 eng u
035 ## - SYSTEM CONTROL NUMBER
System control number (Sirsi) u118656
245 ## - TITLE STATEMENT
Title £50m NVZ bill
260 ## - PUBLICATION, DISTRIBUTION, ETC.
Date of publication, distribution, etc. 2002
490 ## - SERIES STATEMENT
Series statement Farmers Guardian
Volume/sequential designation 28 June 2002, 1&2
490 ## - SERIES STATEMENT
Series statement DEFRA News Release
Volume/sequential designation (251/02) 27 June 2002, (5)
520 ## - SUMMARY, ETC.
Summary, etc. Ministers have confirmed that 55% of land in England will be designated as a Nitrate Vulnerable Zone (NVZ) under new legislation due by the end of 2002. The National Farmers Union (NFU) and Country Land and Business Association (CLA) expressed relief that NVZ coverage wasn't higher, although the restrictions on farmers could still cost the industry up to £50m a year. http://www.defra.gov.uk/news/2002/020627b.htm
590 ## - LOCAL NOTE (RLIN)
Local note WB
650 ## - SUBJECT ADDED ENTRY--TOPICAL TERM
Topical term or geographic name entry element NITRATE VULNERABLE ZONES
650 ## - SUBJECT ADDED ENTRY--TOPICAL TERM
Topical term or geographic name entry element FARMING INDUSTRY
650 ## - SUBJECT ADDED ENTRY--TOPICAL TERM
Topical term or geographic name entry element NITRATE POLLUTION
650 ## - SUBJECT ADDED ENTRY--TOPICAL TERM
Topical term or geographic name entry element PROPERTY-RURAL AND NATURAL ASSETS-AGRICULTURAL PROPERTY-AGRICULTURAL LAND
690 ## - LOCAL SUBJECT ADDED ENTRY--TOPICAL TERM (OCLC, RLIN)
Topical term or geographic name as entry element Rural
9 (RLIN) 6268
942 ## - ADDED ENTRY ELEMENTS (KOHA)
Suppress in OPAC 0
Holdings
Withdrawn status Lost status Source of classification or shelving scheme Damaged status Not for loan Home library Current library Shelving location Date acquired Total Checkouts Full call number Barcode Date last seen Copy number Price effective from Koha item type
    Dewey Decimal Classification     London London News article 02/07/2002   WB3824-26 118656-1001 06/08/2019 1 06/08/2019 News article